000 00624nam a2200241Ia 4500
005 20260320200853.0
008 008 262003s9999 xx 000 0 eng d
037 _aEBOOK
040 _aCRL
040 _beng
040 _cCRL
041 _2eng
041 _aeng
084 _qCRL
100 _aRumpf
_91133648
245 0 _aElectromagnetic and Photonic Simulation for the Beginner: Finite-Difference Frequency-Domain in MATLAB
260 _bIEEE
260 _c2022
856 _uhttps://ieeexplore.ieee.org/servlet/opac?bknumber=9736410
942 _cEBOOK
999 _c1717392
_d1717392